| 000 | 00000nam##2200000za#4500 |
| 001 | 9.647704 |
| 003 | CaOODSP |
| 005 | 20210615112730 |
| 007 | ta |
| 008 | 150407|2000||||xxc||||| f|0| 0 eng|d |
| 020 | |a0-662-28850-5 |
| 040 | |aCaOODSP|beng |
| 043 | |an-cn--- |
| 086 | 1 |aH49-135/2000E |
| 110 | 1 |aCanada.|bHealth Canada. |bHealth Protection Branch. |
| 245 | 10|aPerinatal health indicators for Canada : |ba resource manual |
| 260 | |aOttawa - Ontario : |bHealth Canada. |c2000. |
| 300 | |aix, 83p. : |bfigs., references, tables ; |c28 cm. |
| 504 | |aBibliography. |
| 563 | |aSpiral binding |
| 590 | |a01-24|b2001-06-15 |
| 690 | 07|aPerinatal care|2gcpds |
| 690 | 07|aHealth indicators|2gcpds |
| 690 | 07|aInfant nutrition|2gcpds |
| 690 | 07|aHealth care system|2gcpds |
| 775 | 08|tLes indicateurs de la santé périnatale au Canada : |w(CaOODSP)9.681095 |
| 776 | 0#|tPerinatal health indicators for Canada |w(CaOODSP)9.695421 |